Statistics for formula 1 races that finished behind the safety car

Click here to take the quiz!

General Stats

  • This quiz has been taken 67 times
    (62 since last reset)
  • The average score is 6 of 9

Answer Stats

yearrace winnerAnswer% Correct
1999Mika häkkinenCanadian Grand Prix
83%
2014Daniel RicciardoCanadian Grand Prix
83%
2009Rubens BarrichelloItalian Grand Prix
75%
2009Jenson ButtonAustralian Grand Prix
73%
2012Jenson buttonBrazilian Grand Prix
73%
2019Lewis HamiltonBahrain Grand Prix
67%
2020Lewis HamiltonBahrain Grand Prix
67%
2010Mark WebberMonaco Grand Prix
63%
2015Lewis HamiltonChinese Grand Prix
56%

Score Distribution

Percentile by Number Answered

Percent of People with Each Score

Your Score History

You have not taken this quiz since the last reset